| 000 | 00645nam a22001817a 4500 | ||
|---|---|---|---|
| 003 | NUST-PNEC | ||
| 005 | 20170116180723.0 | ||
| 008 | 141029b xxu||||| |||| 00| 0 eng d | ||
| 040 | _cPNEC | ||
| 082 | _a670.020 BOL | ||
| 100 |
_9863 _aBolz, Roger W. |
||
| 245 |
_aProduction processes : the productivity handbook _cRoger W. Bloz |
||
| 260 |
_aNew York, N.Y. : _b Industrial Press, _c1974 |
||
| 300 |
_a952 p. : _c26 cm. |
||
| 500 | _ahttp://www.amazon.com/Production-Processes-Productivit-Roger-Bolz/dp/1114631361/ref=sr_1_1?s=books&ie=UTF8&qid=1414577509&sr=1-1&keywords=production+process+by+roger+1974 | ||
| 654 | _xIME | ||
| 942 |
_2ddc _cBK |
||
| 999 |
_c61499 _d61499 |
||